| 000 | 00492nam a2200205Ia 4500 | ||
|---|---|---|---|
| 008 | 230125s9999 xx 000 0 und d | ||
| 041 | _aeng | ||
| 082 |
_a658.15 _bICF |
||
| 100 | _aICFAI | ||
| 245 | _aFinancial Management : Study material | ||
| 250 | _a1st Ed. | ||
| 260 |
_c1995 _bICFAI publication _aHyderabad |
||
| 300 | _a522p | ||
| 440 | _aICFAI | ||
| 500 | _aFM | ||
| 500 | _aFM;ICFAI Series Book | ||
| 650 | _aFinancial Management | ||
| 700 | _aICFAI | ||
| 999 |
_c91773 _d91773 |
||